Mystery Category #4 - Statistics

General Stats
  • This quiz has been taken 101 times
  • The average score is 8 of 13
Answer Stats
Lose a Letter, Unscramble New Word % Correct
Mystery Category CAPITAL CITIES
92%
CLAIM LIMA
90%
CIGAR RIGA
90%
SPRAIN PARIS
79%
FIASCO SOFIA
73%
UNBUILD DUBLIN
72%
BRUSHLESS BRUSSELS
70%
ABATER RABAT
62%
BLINKER BERLIN
59%
ANIMALS MANILA
55%
CHASTEN ATHENS
41%
KNOTTINGS KINGSTON
38%
BUSTIER BEIRUT
23%
No matching quizzes found
Score Distribution
Percent of People with Each Score
Percentile by Number Answered
Your Score History
You have not taken this quiz